NBA Rosters 2024-2025 - Statistics

General Stats
  • This quiz has been taken 8,654 times
    1,059 since last reset
  • The average score is 191 of 480
Answer Stats
Team Position Answer % Correct
ATLANTA HAWKS PG Trae Young
94%
BOSTON CELTICS SF Jaylen Brown
86%
BOSTON CELTICS PF Jayson Tatum
86%
NEW ORLEANS PELICANS PG Bruce Brown
85%
LOS ANGELES CLIPPERS PF Kobe Brown
85%
CHICAGO BULLS SG Coby White
83%
BOSTON CELTICS SG Derrick White
83%
LOS ANGELES LAKERS SF LeBron James
82%
GOLDEN STATE WARRIORS PF Draymond Green
81%
OKLAHOMA CITY THUNDER SG Jalen Williams
81%
OKLAHOMA CITY THUNDER PF Jaylin Williams
81%
CHICAGO BULLS PF Patrick Williams
81%
GOLDEN STATE WARRIORS PG Stephen Curry
81%
DALLAS MAVERICKS PG Brandon Williams
80%
UTAH JAZZ SG Cody Williams
80%
CHARLOTTE HORNETS PF Grant Williams
80%
HOUSTON ROCKETS SG Jalen Green
80%
DENVER NUGGETS PG Jamal Murray
80%
HOUSTON ROCKETS SG Jeenathan Williams
80%
OKLAHOMA CITY THUNDER PF Kenrich Williams
80%
CHARLOTTE HORNETS PG LaMelo Ball
80%
LOS ANGELES LAKERS PG Luka Doncic
80%
CHARLOTTE HORNETS C Mark Williams
80%
PORTLAND TRAIL BLAZERS C Robert Williams III
80%
CHARLOTTE HORNETS SG Seth Curry
80%
MEMPHIS GRIZZLIES SG Vince Williams Jr.
80%
BROOKLYN NETS SF Ziaire Williams
80%
MILWAUKEE BUCKS SG A.J. Green
79%
DALLAS MAVERICKS PF Anthony Davis
79%
NEW ORLEANS PELICANS PG Dejounte Murray
79%
CLEVELAND CAVALIERS SG Javonte Green
79%
HOUSTON ROCKETS PF Jeff Green
79%
CHARLOTTE HORNETS SG Josh Green
79%
SACRAMENTO KINGS PF Keegan Murray
79%
PORTLAND TRAIL BLAZERS SF Kris Murray
79%
NEW ORLEANS PELICANS COACH Willie Green
79%
DALLAS MAVERICKS SF Klay Thompson
78%
SACRAMENTO KINGS SG Terence Davis
78%
GOLDEN STATE WARRIORS C Trayce Jackson-Davis
78%
OKLAHOMA CITY THUNDER SG Ajay Mitchell
77%
HOUSTON ROCKETS SF Amen Thompson
77%
DETROIT PISTONS SF Ausar Thompson
77%
MIAMI HEAT PG Davion Mitchell
77%
CLEVELAND CAVALIERS SG Donovan Mitchell
77%
ATLANTA HAWKS SF Jalen Johnson
77%
CHICAGO BULLS PG Lonzo Ball
77%
DENVER NUGGETS C Nikola Jokić
77%
MILWAUKEE BUCKS PF Giannis Antetokounmpo
76%
BOSTON CELTICS PG Jrue Holiday
76%
OKLAHOMA CITY THUNDER PG Shai Gilgeous-Alexander
76%
CLEVELAND CAVALIERS C Tristan Thompson
76%
WASHINGTON WIZARDS SG AJ Johnson
75%
BROOKLYN NETS PF Cameron Johnson
75%
DETROIT PISTONS C Jalen Duren
75%
LOS ANGELES CLIPPERS PG James Harden
75%
INDIANA PACERS PF James Johnson
75%
SAN ANTONIO SPURS SF Keldon Johnson
75%
BROOKLYN NETS SG Keon Johnson
75%
MIAMI HEAT SF Keshad Johnson
75%
BOSTON CELTICS C Kristaps Porziņǵis
75%
SAN ANTONIO SPURS COACH Mitch Johnson
75%
INDIANA PACERS PG Tyrese Haliburton
75%
HOUSTON ROCKETS PG Aaron Holiday
74%
MINNESOTA TIMBERWOLVES SG Anthony Edwards
74%
LOS ANGELES LAKERS SG Bronny James
74%
MEMPHIS GRIZZLIES PG Ja Morant
74%
MEMPHIS GRIZZLIES C Jaren Jackson Jr.
74%
NEW YORK KNICKS PG Jalen Brunson
73%
PHILADELPHIA SIXERS SF Justin Edwards
73%
MILWAUKEE BUCKS PG Damian Lillard
72%
LOS ANGELES CLIPPERS SF Kawhi Leonard
72%
MILWAUKEE BUCKS SG Kevin Porter Jr.
72%
DALLAS MAVERICKS SG Kyrie Irving
72%
SAN ANTONIO SPURS C Victor Wembanyama
72%
DETROIT PISTONS PG Cade Cunningham
71%
CLEVELAND CAVALIERS PG Craig Porter Jr.
71%
CLEVELAND CAVALIERS PG Darius Garland
71%
GOLDEN STATE WARRIORS SF Jimmy Butler
71%
DENVER NUGGETS SF Michael Porter Jr.
71%
PHOENIX SUNS SG Devin Booker
70%
PHILADELPHIA SIXERS SG Jared Butler
70%
CLEVELAND CAVALIERS C Jarrett Allen
70%
PHILADELPHIA SIXERS C Joel Embiid
70%
NEW YORK KNICKS C Karl-Anthony Towns
70%
NEW ORLEANS PELICANS PF Zion Williamson
70%
LOS ANGELES LAKERS SG Austin Reaves
69%
PHOENIX SUNS SG Grayson Allen
69%
NEW YORK KNICKS SG Josh Hart
69%
NEW YORK KNICKS SF Mikal Bridges
69%
CHARLOTTE HORNETS PF Miles Bridges
69%
INDIANA PACERS PF Pascal Siakam
69%
PHILADELPHIA SIXERS PG Tyrese Maxey
69%
MILWAUKEE BUCKS SG Andre Jackson Jr.
68%
NEW ORLEANS PELICANS SG Antonio Reeves
68%
CLEVELAND CAVALIERS PF Evan Mobley
68%
MEMPHIS GRIZZLIES PF GG Jackson II
68%
INDIANA PACERS C Isaiah Jackson
68%
PHOENIX SUNS PF Kevin Durant
68%
MINNESOTA TIMBERWOLVES C Rudy Gobert
68%
DENVER NUGGETS PF Aaron Gordon
67%
MIAMI HEAT C Bam Adebayo
67%
ATLANTA HAWKS C Clint Capela
67%
PHILADELPHIA SIXERS SG Eric Gordon
67%
INDIANA PACERS C Myles Turner
67%
ORLANDO MAGIC PF Paolo Banchero
67%
PHILADELPHIA SIXERS PF Paul George
66%
BOSTON CELTICS PG Payton Pritchard
66%
MIAMI HEAT SG Tyler Herro
66%
MILWAUKEE BUCKS C Brook Lopez
65%
SAN ANTONIO SPURS PG Chris Paul
65%
ATLANTA HAWKS SG Dyson Daniels
65%
UTAH JAZZ PG Keyonte George
65%
WASHINGTON WIZARDS SG Kyshawn George
65%
SAN ANTONIO SPURS PF Harrison Barnes
64%
TORONTO RAPTORS PF Scottie Barnes
64%
SACRAMENTO KINGS SG Zach Lavine
64%
HOUSTON ROCKETS C Alperen Sengun
63%
SAN ANTONIO SPURS PG De'Aaron Fox
63%
SACRAMENTO KINGS SF DeMar DeRozan
63%
LOS ANGELES LAKERS PF Dorian Finney-Smith
63%
LOS ANGELES CLIPPERS C Ivica Zubac
63%
OKLAHOMA CITY THUNDER C Chet Holmgren
62%
HOUSTON ROCKETS PF Jabari Smith Jr.
62%
CHICAGO BULLS PG Josh Giddey
62%
MINNESOTA TIMBERWOLVES PG Mike Conley
62%
HOUSTON ROCKETS PG Fred VanVleet
61%
OKLAHOMA CITY THUNDER C Isaiah Hartenstein
61%
CHICAGO BULLS C Jalen Smith
61%
MINNESOTA TIMBERWOLVES PF Julius Randle
61%
CHARLOTTE HORNETS SG Nick Smith Jr.
61%
CHICAGO BULLS C Nikola Vučević
61%
MILWAUKEE BUCKS PF Tyler Smith
61%
BOSTON CELTICS C Al Horford
60%
MIAMI HEAT SF Andrew Wiggins
60%
SACRAMENTO KINGS C Domontas Sabonis
60%
ORLANDO MAGIC SF Franz Wagner
60%
UTAH JAZZ PF Lauri Markkanen
60%
OKLAHOMA CITY THUNDER SG Aaron Wiggins
59%
WASHINGTON WIZARDS SG Jordan Poole
59%
ORLANDO MAGIC C Moritz Wagner
59%
LOS ANGELES LAKERS PF Rui Hachimura
59%
PHOENIX SUNS SG Bradley Beal
58%
BROOKLYN NETS SG Cam Thomas
58%
MEMPHIS GRIZZLIES SG Desmond Bane
58%
DENVER NUGGETS PG Russell Westbrook
58%
PORTLAND TRAIL BLAZERS C Deandre Ayton
57%
OKLAHOMA CITY THUNDER SF Luguentz Dort
57%
INDIANA PACERS SG Andrew Nembhard
56%
LOS ANGELES CLIPPERS PG Ben Simmons
56%
WASHINGTON WIZARDS SG Colby Jones
56%
LOS ANGELES CLIPPERS SF Derrick Jones Jr.
56%
OKLAHOMA CITY THUNDER SF Dillon Jones
56%
NEW ORLEANS PELICANS SF Herbert Jones
56%
SACRAMENTO KINGS PF Isaac Jones
56%
LOS ANGELES LAKERS C Jaxson Hayes
56%
CHICAGO BULLS PG Tre Jones
56%
PHOENIX SUNS PG Tyus Jones
56%
PORTLAND TRAIL BLAZERS SG Anfernee Simons
55%
GOLDEN STATE WARRIORS SG Brandin Podziemski
55%
TORONTO RAPTORS SF Brandon Ingram
55%
DALLAS MAVERICKS C Daniel Gafford
55%
WASHINGTON WIZARDS SF Khris Middleton
55%
CHARLOTTE HORNETS SF Brandon Miller
54%
HOUSTON ROCKETS SF Dillon Brooks
54%
MIAMI HEAT SF Duncan Robinson
54%
LOS ANGELES CLIPPERS SF Jordan Miller
54%
MINNESOTA TIMBERWOLVES SF Leonard Miller
54%
NEW YORK KNICKS C Mitchell Robinson
54%
BROOKLYN NETS C Nic Claxton
54%
MINNESOTA TIMBERWOLVES SG Nickeil Alexander-Walker
54%
DENVER NUGGETS SG Christian Braun
53%
DALLAS MAVERICKS C Dereck Lively II
53%
NEW YORK KNICKS PF OG Anunoby
53%
OKLAHOMA CITY THUNDER SG Alex Caruso
52%
DALLAS MAVERICKS C Dwight Powell
52%
MINNESOTA TIMBERWOLVES PF Jaden McDaniels
52%
MILWAUKEE BUCKS PF Kyle Kuzma
52%
LOS ANGELES CLIPPERS SG Norman Powell
52%
DETROIT PISTONS PF Tobias Harris
52%
ATLANTA HAWKS SF Zaccharie Risacher
52%
NEW ORLEANS PELICANS PG CJ McCollum
51%
BROOKLYN NETS PG D'Angelo Russell
51%
ORLANDO MAGIC SG Gary Harris
51%
SAN ANTONIO SPURS PG Stephon Castle
51%
GOLDEN STATE WARRIORS COACH Steve Kerr
51%
DALLAS MAVERICKS PF P.J. Washington
50%
MEMPHIS GRIZZLIES C Zach Edey
50%
INDIANA PACERS SF Aaron Nesmith
48%
ORLANDO MAGIC PG Anthony Black
47%
ORLANDO MAGIC PG Jalen Suggs
47%
CLEVELAND CAVALIERS SF Max Strus
47%
WASHINGTON WIZARDS C Alex Sarr
46%
SACRAMENTO KINGS PG Devin Carter
46%
CHICAGO BULLS PG Jevon Carter
46%
ORLANDO MAGIC SG Kentavious Caldwell-Pope
46%
MINNESOTA TIMBERWOLVES C Naz Reid
46%
ATLANTA HAWKS C Onyeka Okongwu
46%
ORLANDO MAGIC C Wendell Carter Jr.
46%
UTAH JAZZ PF John Collins
44%
GOLDEN STATE WARRIORS PF Jonathan Kuminga
44%
HOUSTON ROCKETS C Steven Adams
44%
INDIANA PACERS PG T.J. McConnell
44%
CHICAGO BULLS PF Zach Collins
44%
ORLANDO MAGIC PG Cole Anthony
43%
CLEVELAND CAVALIERS SF De'Andre Hunter
43%
DENVER NUGGETS C DeAndre Jordan
43%
SAN ANTONIO SPURS SG Devin Vassell
43%
TORONTO RAPTORS SF RJ Barrett
43%
UTAH JAZZ SG Collin Sexton
42%
PORTLAND TRAIL BLAZERS SF Jabari Walker
42%
TORONTO RAPTORS C Jakob Poeltl
42%
INDIANA PACERS PF Jarace Walker
42%
PHILADELPHIA SIXERS PG Kyle Lowry
42%
PHILADELPHIA SIXERS SG Lonnie Walker IV
42%
UTAH JAZZ C Walker Kessler
42%
GOLDEN STATE WARRIORS SG Buddy Hield
41%
TORONTO RAPTORS SG Gradey Dick
41%
TORONTO RAPTORS PG Immanuel Quickley
41%
DETROIT PISTONS SG Jaden Ivey
41%
LOS ANGELES LAKERS COACH JJ Reddick
41%
MEMPHIS GRIZZLIES PF Brandon Clarke
40%
MINNESOTA TIMBERWOLVES SG Donte DiVincenzo
40%
MINNESOTA TIMBERWOLVES SG Jaylen Clark
40%
SACRAMENTO KINGS C Jonas Valančiūnas
40%
CHARLOTTE HORNETS C Jusuf Nurkić
40%
MILWAUKEE BUCKS PF Bobby Portis
39%
BOSTON CELTICS C Luke Kornet
39%
GOLDEN STATE WARRIORS SG Moses Moody
39%
PORTLAND TRAIL BLAZERS PG Scoot Henderson
39%
OKLAHOMA CITY THUNDER SG Cason Wallace
38%
BROOKLYN NETS C Day'Ron Sharpe
38%
MIAMI HEAT C Kel'el Ware
38%
GOLDEN STATE WARRIORS C Kevon Looney
38%
BOSTON CELTICS PF Sam Hauser
38%
PORTLAND TRAIL BLAZERS SG Sheadon Sharpe
38%
INDIANA PACERS SF Bennedict Mathurin
37%
DETROIT PISTONS PG Dennis Schröder
37%
DALLAS MAVERICKS COACH Jason Kidd
37%
PORTLAND TRAIL BLAZERS PF Jerami Grant
37%
PHILADELPHIA SIXERS SF Kelly Oubre Jr.
37%
SACRAMENTO KINGS SG Malik Monk
37%
WASHINGTON WIZARDS PG Marcus Smart
37%
PORTLAND TRAIL BLAZERS SF Deni Avdija
36%
MILWAUKEE BUCKS COACH Doc Rivers
36%
PHILADELPHIA SIXERS PG Jared McCain
36%
DETROIT PISTONS SG Tim Hardaway Jr.
36%
LOS ANGELES CLIPPERS SG Bogdan Bogdanovic
35%
LOS ANGELES CLIPPERS PG Kris Dunn
35%
DETROIT PISTONS SG Malik Beasley
35%
CHICAGO BULLS SF Matas Buzelis
35%
PHOENIX SUNS SF Ryan Dunn
35%
NEW ORLEANS PELICANS SF Trey Murphy III
35%
LOS ANGELES LAKERS PG Gabe Vincent
34%
SAN ANTONIO SPURS PF Jeremy Sochan
34%
MIAMI HEAT PF Kevin Love
34%
DETROIT PISTONS C Isaiah Stewart
33%
UTAH JAZZ SG Jordan Clarkson
33%
INDIANA PACERS PF Obi Toppin
33%
ATLANTA HAWKS SG Terance Mann
33%
CHARLOTTE HORNETS PG Tre Mann
33%
PHILADELPHIA SIXERS C Andre Drummond
32%
NEW ORLEANS PELICANS PG Elfrid Payton
32%
GOLDEN STATE WARRIORS SG Gary Payton II
32%
LOS ANGELES LAKERS PF Jarred Vanderbilt
32%
PHOENIX SUNS C Nick Richards
32%
GOLDEN STATE WARRIORS PF Quinten Post
32%
ATLANTA HAWKS SG Caris LeVert
31%
MILWAUKEE BUCKS SG Gary Trent Jr.
31%
OKLAHOMA CITY THUNDER SG Isaiah Joe
31%
BOSTON CELTICS C Neemias Queta
31%
INDIANA PACERS SG Ben Sheppard
30%
MIAMI HEAT COACH Erik Spoelstra
30%
BOSTON CELTICS COACH Joe Mazzulla
30%
CHICAGO BULLS SG Kevin Huerter
30%
PHILADELPHIA SIXERS SG Quentin Grimes
30%
HOUSTON ROCKETS PG Reed Sheppard
30%
MIAMI HEAT PG Terry Rozier
30%
LOS ANGELES CLIPPERS SG Cam Christie
29%
PORTLAND TRAIL BLAZERS C Donovan Clingan
29%
SACRAMENTO KINGS COACH Doug Christie
29%
PHILADELPHIA SIXERS C Guerschon Yabusele
29%
DALLAS MAVERICKS SG Max Christie
29%
NEW YORK KNICKS PG Miles McBride
29%
LOS ANGELES CLIPPERS PF Nicolas Batum
29%
CLEVELAND CAVALIERS SG Isaac Okoro
28%
MINNESOTA TIMBERWOLVES PG Rob Dillingham
28%
MEMPHIS GRIZZLIES PG Scotty Pippen Jr.
28%
INDIANA PACERS C Thomas Bryant
28%
NEW ORLEANS PELICANS C Yves Missi
28%
LOS ANGELES LAKERS SF Dalton Knecht
27%
MIAMI HEAT SF Jaime Jaquez Jr.
27%
NEW ORLEANS PELICANS PG Jose Alvarado
27%
LOS ANGELES CLIPPERS COACH Tyronn Lue
27%
CLEVELAND CAVALIERS PF Dean Wade
26%
MEMPHIS GRIZZLIES SG Jaylen Wells
26%
MILWAUKEE BUCKS SF Taurean Prince
26%
PORTLAND TRAIL BLAZERS PF Toumani Camara
26%
DALLAS MAVERICKS SF Caleb Martin
25%
PHOENIX SUNS SF Cody Martin
25%
BOSTON CELTICS PF Jordan Walsh
25%
SACRAMENTO KINGS SG Keon Ellis
25%
UTAH JAZZ SF KJ Martin
25%
DENVER NUGGETS SF Peyton Watson
25%
MEMPHIS GRIZZLIES PF Santi Aldama
25%
CLEVELAND CAVALIERS SG Ty Jerome
25%
BROOKLYN NETS SG Tyrese Martin
25%
UTAH JAZZ PG Isaiah Collier
24%
MIAMI HEAT PF Nikola Jović
24%
CHICAGO BULLS SG Talen Horton-Tucker
24%
HOUSTON ROCKETS PF Tari Eason
24%
NEW YORK KNICKS COACH Tom Thibodeau
24%
WASHINGTON WIZARDS SF Bilal Coulibaly
23%
HOUSTON ROCKETS COACH Ime Udoka
23%
PHOENIX SUNS C Mason Plumlee
23%
NEW YORK KNICKS SF P.J. Tucker
23%
DALLAS MAVERICKS PG Spencer Dinwiddie
23%
LOS ANGELES LAKERS C Alex Len
22%
CHICAGO BULLS SG Ayo Dosunmu
22%
TORONTO RAPTORS SF Kyle Anderson
22%
LOS ANGELES LAKERS PF Maxi Kleber
22%
PHILADELPHIA SIXERS COACH Nick Nurse
22%
BOSTON CELTICS C Xavier Tillman Sr.
22%
GOLDEN STATE WARRIORS PF Gui Santos
21%
LOS ANGELES LAKERS PF Markieff Morris
21%
PHOENIX SUNS PG Monte Morris
21%
GOLDEN STATE WARRIORS PG Pat Spencer
21%
DETROIT PISTONS C Paul Reed
21%
PHOENIX SUNS PF Bol Bol
20%
NEW YORK KNICKS PG Cameron Payne
20%
PORTLAND TRAILBLAZERS COACH Chauncey Billups
20%
DALLAS MAVERICKS SF Naji Marshall
20%
OKLAHOMA CITY THUNDER PG Nikola Topić
20%
INDIANA PACERS COACH Rick Carlisle
20%
WASHINGTON WIZARDS PG Carlton Carrington
19%
ATLANTA HAWKS PF Georges Niang
19%
MINNESOTA TIMBERWOLVES C Luka Garza
19%
PHILADELPHIA SIXERS C Adem Bona
18%
CHICAGO BULLS COACH Billy Donovan
18%
ORLANDO MAGIC C Goga Bitadze
18%
DALLAS MAVERICKS SG Jaden Hardy
18%
ORLANDO MAGIC SF Jett Howard
18%
ORLANDO MAGIC PF Jonathan Isaac
18%
SAN ANTONIO SPURS SF Julian Champagnie
18%
DENVER NUGGETS SG Julian Strawther
18%
WASHINGTON WIZARDS SF Justin Champagnie
18%
WASHINGTON WIZARDS PG Malcolm Brogdon
18%
NEW YORK KNICKS C Precious Achiuwa
18%
UTAH JAZZ COACH Will Hardy
18%
DALLAS MAVERICKS PG Dante Exum
17%
DENVER NUGGETS C Dario Šarić
17%
BROOKLYN NETS PG De'Anthony Melton
17%
CLEVELAND CAVALIERS COACH Kenny Atkinson
17%
NEW YORK KNICKS SG Landry Shamet
17%
MEMPHIS GRIZZLIES SG Luke Kennard
17%
SACRAMENTO KINGS PG Markelle Fultz
17%
MILWAUKEE BUCKS PG Ryan Rollins
17%
CHARLOTTE HORNETS COACH Charles Lee
16%
PHOENIX SUNS SG Damion Lee
16%
NEW ORLEANS PELICANS C Kelly Olynyk
16%
MILWAUKEE BUCKS SG Pat Connaughton
16%
ATLANTA HWAKS COACH Quinn Snyder
16%
WASHINGTON WIZARDS SF Saddiq Bey
16%
CLEVELAND CAVALIERS SG Sam Merrill
16%
HOUSTON ROCKETS SF Cam Whitmore
15%
MEMPHIS GRIZZLIES C Jay Huff
15%
MINNESOTA TIMBERWOLVES SF Joe Ingles
15%
UTAH JAZZ C Kyle Filipowski
15%
ATLANTA HAWKS PF Larry Nance Jr.
15%
DETROIT PISTONS SF Ron Holland
15%
INDIANA PACERS C Tony Bradley
15%
NEW YORK KNICKS PG Tyler Kolek
15%
TORONTO RAPTORS PF Chris Boucher
14%
SACRAMENTO KINGS PF Jake LaRavia
14%
DETROIT PISTONS COACH J.B. Bickerstaff
14%
MILWAUKEE BUCKS C Jericho Sims
14%
CHARLOTTE HORNETS SG Josh Okogie
14%
ATLANTA HAWKS SG Kobe Bufkin
14%
CHARLOTTE HORNETS C Moussa Diabaté
14%
PHOENIX SUNS SF Royce O'Neale
14%
DETROIT PISTONS SF Simone Fontecchio
14%
MINNESOTA TIMBERWOLVES SG Terrence Shannon Jr.
14%
MINNESOTA TIMBERWOLVES COACH Chris Finch
13%
MIAMI HEAT SF Haywood Highsmith
13%
DENVER NUGGETS PF Hunter Tyson
13%
BROOKLYN NETS PF Jalen Wilson
13%
CLEVELAND CAVALIERS SG Jaylon Tyson
13%
ORLANDO MAGIC SF Tristan Da Silva
13%
BOSTON CELTICS SG Baylor Scheierman
12%
WASHINGTON WIZARDS SF Cory Kispert
12%
DENVER NUGGETS PF DaRon Holmes
12%
HOUSTON ROCKETS SF Jae'Sean Tate
12%
HOUSTON ROCKETS C Jock Landale
12%
INDIANA PACERS SG Johnny Furphy
12%
LOS ANGELES LAKERS PG Jordan Goodwin
12%
DETROIT PISTONS SG Lindy Waters III
12%
PORTLAND TRAIL BLAZERS SG Matisse Thybulle
12%
BROOKLYN NETS PF Noah Clowney
12%
LOS ANGELES CLIPPERS PG Patty Mills
12%
WASHINGTON WIZARDS PF Richaun Holmes
12%
ATLANTA HAWKS PG Vit Krejci
12%
DENVER NUGGETS PF Zeke Nnaji
12%
LOS ANGELES CLIPPERS SG Amir Coffey
11%
CHICAGO BULLS SG Dalen Terry
11%
DETROIT PISTONS PG Marcus Sasser
11%
MEMPHIS GRIZZLIES PF Marvin Bagley III
11%
PHOENIX SUNS COACH Mike Budenholzer
11%
OKLAHOMA CITY THUNDER C Ousmane Dieng
11%
BOSTON CELTICS SF Torrey Craig
11%
WASHINGTON WIZARDS PF Anthony Gill
10%
ORLANDO MAGIC PG Cory Joseph
10%
TORONTO RAPTORS SG Ja'Kobe Walter
10%
DENVER NUGGETS SG Jalen Pickett
10%
TORONTO RAPTORS PG Jamal Shead
10%
ATLANTA HAWKS PF Mouhamed Gueye
10%
DALLAS MAVERICKS PF Olivier-Maxence Prosper
10%
LOS ANGELES LAKERS SG Shake Milton
10%
BROOKLYN NETS PF Trendon Watford
10%
NEW YORK KNICKS C Ariel Hukporti
9%
SAN ANTONIO SPURS C Bismack Biyombo
9%
DENVER NUGGETS COACH David Adelman
9%
SACRAMENTO KINGS SF Doug McDermott
9%
LOS ANGELES CLIPPERS C Drew Eubanks
9%
BOSTON CELTICS PG JD Davison
9%
MEMPHIS GRIZZLIES SG John Konchar
9%
MINNESOTA TIMBERWOLVES SF Josh Minott
9%
NEW YORK KNICKS SG Pacome Dadiet
9%
SAN ANTONIO SPURS PF Sandro Mamukelashvili
9%
CHARLOTTE HORNETS PF Tidjane Salaün
9%
UTAH JAZZ SF Brice Sensabaugh
8%
NEW YORK KNICKS PG Delon Wright
8%
TORONTO RAPTORS SG Garett Temple
8%
ATLANTA HAWKS SG Garrison Mathews
8%
SACRAMENTO KINGS PF Jae Crowder
8%
ORLANDO MAGIC COACH Jamahl Mosley
8%
NEW ORLEANS PELICANS SG Jordan Hawkins
8%
BROOKLYN NETS COACH Jordi Fernandez
8%
CHICAGO BULLS SF Julian Phillips
8%
TORONTO RAPTORS SG Ochai Agbaji
8%
MIAMI HEAT SG Pelle Larsson
8%
CHARLOTTE HORNETS C Taj Gibson
8%
UTAH JAZZ PF Taylor Hendricks
8%
MIAMI HEAT SG Alec Burks
7%
BROOKLYN NETS SF Dariq Whitehead
7%
ATLANTA HAWKS SF Dominick Barlow
7%
PORTLAND TRAIL BLAZERS C Duop Reath
7%
OKLAHOMA CITY THUNDER COACH Mark Daignault
7%
SACRAMENTO KINGS PF Trey Lyles
7%
PHOENIX SUNS PG Vasilije Micić
7%
SAN ANTONIO SPURS SG Blake Wesley
6%
ORLANDO MAGIC SF Caleb Houstan
6%
MILWAUKEE BUCKS SF Chris Livingston
6%
BROOKLYN NETS PF Drew Timme
6%
TORONTO RAPTORS SF Jamison Battle
6%
TORONTO RAPTORS PF Jonathan Mogbo
6%
SAN ANTONIO SPURS PG Jordan McLaughlin
6%
GOLDEN STATE WARRIORS SF Kevin Knox
6%
MEMPHIS GRIZZLIES PF Lamar Stevens
6%
SAN ANTONIO SPURS SG Malaki Branham
6%
BROOKLYN NETS SF Maxwell Lewis
6%
PHOENIX SUNS PF Oso Ighodaro
6%
PORTLAND TRAIL BLAZERS SG Rayan Rupert
6%
DENVER NUGGETS PF Vlatko Čančar
6%
TORONTO RAPTORS SG A.J. Lawson
5%
DETROIT PISTONS SF Bobi Klintman
5%
NEW ORLEANS PELICANS SG Brandon Boston Jr.
5%
GOLDEN STATE WARRIORS SF Braxton Key
5%
SAN ANTONIO SPURS C Charles Bassey
5%
PORTLAND TRAIL BLAZERS PG Dalano Banton
5%
TORONTO RAPTORS COACH Darko Rajakovic
5%
UTAH JAZZ PG Jaden Springer
5%
NEW ORLEANS PELICANS PF Karlo Matković
5%
PHILADELPHIA SIXERS SF Ricky Council IV
5%
UTAH JAZZ SF Svi Mykhailiuk
5%
CLEVELAND CAVALIERS PF Chuma Okeke
4%
CHARLOTTE HORNETS SG DaQuan Jeffries
4%
NEW ORLEANS PELICANS PF Jeremiah Robinson-Earl
4%
MEMPHIS GRIZZLIES COACH Tuomas Iisalo
4%
UTAH JAZZ SG Johnny Juzang
3%
WASHINGTON WIZARDS COACH Brian Keefe
2%
TORONTO RAPTORS PF Colin Castleton
2%
No matching quizzes found
Score Distribution
Percent of People with Each Score
Percentile by Number Answered
Your Score History
You have not taken this quiz since the last reset